| 000 | 01040nas a2200349 4500 | ||
|---|---|---|---|
| 001 | BR2010005111 | ||
| 003 | BR-BrBNA | ||
| 005 | 20231205114733.0 | ||
| 007 | ta | ||
| 008 | 230509b bl.|||p| |||| 00| 00por d | ||
| 040 |
_aBR-BrBNA _bpor _cBiblioteca Nacional de Agricultura |
||
| 041 | _a(En) | ||
| 072 | _aF40; F30 | ||
| 100 | 1 | _aGanga, R.M.D. | |
| 100 | 1 | _aFerreira, G.A. | |
| 100 | 1 | _aChaves, L.J. | |
| 100 | 1 | _aNaves, R.V. | |
| 100 | 1 | _aNascimento, J.L. do | |
| 245 | 1 | _aCaracterização de frutos e árvores de populações naturais de Hancornia speciosa gomes do cerrado | |
| 650 | _aÁRVORE | ||
| 650 | _aFRUTA | ||
| 650 | _aPOPULAÇÃO DE PLANTA | ||
| 650 | _aMANGABA | ||
| 650 | _aHANCORNIA SPECIOSA | ||
| 650 | _aFENOTIPO | ||
| 650 | _aESPECIE NATIVA | ||
| 650 | _aMÉTODO ESTATÍSTICO | ||
| 650 | _aCERRADO | ||
| 773 | 0 |
_tRevista Brasileira de Fruticultura (Brazil) _xISSN 0100-2945 _g(Mar 2010), v. 32(1) p. 101-113 _wBR2010005111 |
|
| 909 |
_a202311 _bLúcia _c55 _dLúcia Elande |
||
| 942 |
_2AGRIS _n0 _cANA |
||
| 999 |
_c210231 _d210231 |
||